000
00298nam a22001337a 4500
008
181016b xxu||||| |||| 00| 0 eng d
020
_a
9780443066030
041
_a
eng
080
_a
616.8
100
_a
7
101
_a
NEI
245
_a
Fundamentals Neuroscience
_c
Haines.E.H
942
_2
udc
_c
BK
999
_c
49833
_d
49833